Exercises in the 19th edition of the Dewey Decimal Classfication

Uloženo v:
Podrobná bibliografie
Hlavní autor: Satija, M. P.
Médium: Kniha
Jazyk:Undetermined
Vydáno: Darya Ganj, New Delhi Concept Publishing Company 2001
Témata:
Tagy: Přidat tag
Žádné tagy, Buďte první, kdo otaguje tento záznam!
Thư viện lưu trữ: Trung tâm Học liệu Trường Đại học Cần Thơ
LEADER 00619nam a2200205Ia 4500
001 CTU_124714
008 210402s9999 xx 000 0 und d
020 |c 18.00 
082 |a 025.431076 
082 |b S253 
100 |a Satija, M. P. 
245 0 |a Exercises in the 19th edition of the Dewey Decimal Classfication 
245 0 |c M. P. Satija 
260 |a Darya Ganj, New Delhi 
260 |b Concept Publishing Company 
260 |c 2001 
650 |a Classification,Dewey Decimal Classfication 
650 |x Problems, exercises, etc. 
904 |i Minh 
980 |a Trung tâm Học liệu Trường Đại học Cần Thơ